000 00593nam a2200193Ii 4500
003 JO-AjNU
008 230605s9999||||xx |||||||||||||| ||und||
040 _aJO-AjNU
_bara
_erda
_cJO-AjNU
041 _aara
050 1 4 _aQA276 .H6312 1984
100 3 _aهويل ، بول ج. ,
_eauthor
_912896
245 0 0 _a المبادئ الأولية في الاحصاء 
264 3 1 _aنيويورك: جون ويلي، 1984
300 _a363ص
336 _atext
_btxt
_2rdacontent
337 _aunmediated
_bn
_2rdamedia
338 _avolume
_bnc
_2rdacarrier
650 4 _a الاحصاء 
_912897
999 _aA3069
_c6637
_d6637